| 000 | 00841cam a22002653a 4500 | ||
|---|---|---|---|
| 001 | 30914 | ||
| 003 | PGUSA | ||
| 005 | 20140828083652.0 | ||
| 008 | 100110s2010||||xxu|||||s|||||000 1 eng d | ||
| 040 |
_aPGUSA _beng |
||
| 042 | _adc | ||
| 050 | 4 | _aPZ | |
| 100 | 1 | _aHill, Grace Brooks | |
| 245 | 1 | 4 |
_aThe Corner House Girls Growing Up : _bWhat Happened First, What Came Next. And How It Ended _h[electronic resource] / _cGrace Brooks Hill |
| 260 |
_bProject Gutenberg, _c2010 |
||
| 506 | _aPublic domain in the USA. | ||
| 516 | _aElectronic text | ||
| 653 | _aMystery and detective stories | ||
| 653 | _aSisters -- Juvenile fiction | ||
| 653 | _aFirst loves -- Juvenile fiction | ||
| 700 | 1 |
_aOwen, Robert Emmett, _d1878-1957 |
|
| 830 | 0 |
_aProject Gutenberg _v30914 |
|
| 856 | 4 | 0 | _uhttp://www.gutenberg.org/ebooks/30914 |
| 942 | _cEB | ||
| 999 |
_c260169 _d260169 |
||